Powerful transformation ; (Record no. 2859)

MARC details
000 -LEADER
fixed length control field 00877nam a2200229 i 4500
003 - CONTROL NUMBER IDENTIFIER
control field OSt
005 - DATE AND TIME OF LATEST TRANSACTION
control field 20251214093425.0
008 - FIXED-LENGTH DATA ELEMENTS--GENERAL INFORMATION
fixed length control field 250526s2017 -us||||| |||| 00| 0 eng d
020 ## - INTERNATIONAL STANDARD BOOK NUMBER
International Standard Book Number 9780997716207
040 ## - CATALOGING SOURCE
Transcribing agency LHL
Description conventions rda
Language of cataloging eng
100 ## - MAIN ENTRY--PERSONAL NAME
Personal name Padma Sambhava,
Dates associated with a name approximately 717-approximately 762
245 ## - TITLE STATEMENT
Title Powerful transformation ;
Remainder of title the alchemy of the secret heart essence /
Statement of responsibility, etc. Padmasambhava, Chokgyur Lingpa, Kyabje Dilgo Khyentse, Tulku Urgyen Rinpoche, and others.
264 ## - PRODUCTION, PUBLICATION, DISTRIBUTION, MANUFACTURE, AND COPYRIGHT NOTICE
Place of production, publication, distribution, manufacture Novato, CA :
Name of producer, publisher, distributor, manufacturer Rangjung Yeshe Publications,
Date of production, publication, distribution, manufacture, or copyright notice 2017.
300 ## - PHYSICAL DESCRIPTION
Extent 231 pages :
Dimensions 23 cm.
336 ## - CONTENT TYPE
Source rdacontent
Content type term text
Content type code txt
337 ## - MEDIA TYPE
Source rdamedia
Media type term unmediated
Media type code n
338 ## - CARRIER TYPE
Source rdacarrier
Carrier type term volume
Carrier type code nc
700 ## - ADDED ENTRY--PERSONAL NAME
Personal name Mchog-gyur-gliá¹…-pa, Gter-ston,
Dates associated with a name 1829-1870
700 ## - ADDED ENTRY--PERSONAL NAME
Personal name Rab-gsal-zla-ba, Dil-mgo Mkhyen-brtse,
Dates associated with a name 1910-1991
700 ## - ADDED ENTRY--PERSONAL NAME
Personal name Urgyen,
Titles and other words associated with a name Tulku, Rinpoche
942 ## - ADDED ENTRY ELEMENTS (KOHA)
Source of classification or shelving scheme Lindholme Classification Scheme
Koha item type Book
Suppress in OPAC No
Holdings
Withdrawn status Lost status Source of classification or shelving scheme Damaged status Not for loan Collection Home library Current library Shelving location Date acquired Total checkouts Full call number Barcode Date last seen Price effective from Koha item type
    Lindholme Classification Scheme     Vajrayana Lindholme Hall Library Lindholme Hall Library General stacks 14/12/2025   553.2 PAD 2500286 14/12/2025 14/12/2025 Book